00528nam a2200193 a 450000100060000000300090000600800410001502000150005604000280007108200190009910000210011824500390013926000340017830000110021249000210022350000450024465000260028965000190031519984CO-ViMGA141112s2004 ck r 000 u spa d a8466300644 aCO-ViMGAbspacCO-ViMGA04aCh 863.6 S371a1 aSerrano, Marcela10aEl Albergue de las mujeres tristes aMadrid : bSantillana, c1997 a404 p. aPunto de lectura aUna radiografia del amor y el desamor. 14aAMOR EN LA LITERATURA14aNOVELA CHILENA